000 00563nam a22001577a 4500
005 20120312121513.0
020 _a8171414362
_c00.00
035 _aA-945478
037 _aDPL
_bENG
100 _aRayalu, T. Romala
_943714
245 _aFear, unrest and anxiety of adolescents /
_cby T. Romala Rayalu
260 _aNew Delhi
_bDiscovery Publishing House
_c1998
300 _a138p.
_c18 cms.
942 _2ddc
_cEN
_h155.5
_mRAY
999 _c63970
_d63970